<?xml version="1.0" encoding="UTF-8"?>
<record
    xmlns:xsi="http://www.w3.org/2001/XMLSchema-instance"
    xsi:schemaLocation="http://www.loc.gov/MARC21/slim http://www.loc.gov/standards/marcxml/schema/MARC21slim.xsd"
    xmlns="http://www.loc.gov/MARC21/slim">

  <leader>04173nam a2200409 a 4500</leader>
  <controlfield tag="003">CHAP</controlfield>
  <controlfield tag="005">20250217144951.0</controlfield>
  <controlfield tag="008">241128s20082011sp a    r     00010 spa d</controlfield>
  <datafield tag="020" ind1=" " ind2=" ">
    <subfield code="a">9788429176001</subfield>
  </datafield>
  <datafield tag="040" ind1=" " ind2=" ">
    <subfield code="c">CHAP</subfield>
    <subfield code="a">PA</subfield>
    <subfield code="e">rda</subfield>
  </datafield>
  <datafield tag="041" ind1=" " ind2=" ">
    <subfield code="a">spa</subfield>
    <subfield code="b">spa</subfield>
    <subfield code="f">spa</subfield>
    <subfield code="h">eng</subfield>
  </datafield>
  <datafield tag="082" ind1="0" ind2="4">
    <subfield code="a">PA 574.192</subfield>
    <subfield code="b">B47Y 2011</subfield>
  </datafield>
  <datafield tag="100" ind1="0" ind2="0">
    <subfield code="a">Berg, Jeremy M.</subfield>
    <subfield code="9">11764</subfield>
  </datafield>
  <datafield tag="245" ind1="1" ind2="0">
    <subfield code="a">Bioqu&#xED;mica /</subfield>
    <subfield code="c">por Jeremy M. Berg, John L. Tymoczko y Lubert Stryer</subfield>
  </datafield>
  <datafield tag="250" ind1=" " ind2=" ">
    <subfield code="a">6 ed.</subfield>
  </datafield>
  <datafield tag="260" ind1=" " ind2=" ">
    <subfield code="a">Barcelona :</subfield>
    <subfield code="b">Revert&#xE9;,</subfield>
    <subfield code="c">2008</subfield>
  </datafield>
  <datafield tag="264" ind1=" " ind2=" ">
    <subfield code="a">Espa&#xF1;a : </subfield>
    <subfield code="b">Revert&#xE9;</subfield>
  </datafield>
  <datafield tag="300" ind1=" " ind2=" ">
    <subfield code="a">xxxviii, 1026 p. :</subfield>
    <subfield code="b">ilus. ; gr&#xE1;fs. ; cuadros + glosario ; &#xED;ndice</subfield>
  </datafield>
  <datafield tag="336" ind1=" " ind2=" ">
    <subfield code="2">rdacontent</subfield>
    <subfield code="a">texto</subfield>
    <subfield code="b">txt</subfield>
  </datafield>
  <datafield tag="337" ind1=" " ind2=" ">
    <subfield code="2">rdamedia</subfield>
    <subfield code="a">sin medio</subfield>
    <subfield code="b">n</subfield>
  </datafield>
  <datafield tag="338" ind1=" " ind2=" ">
    <subfield code="2">rdacarrier</subfield>
    <subfield code="a">volumen</subfield>
    <subfield code="b">nc</subfield>
  </datafield>
  <datafield tag="505" ind1=" " ind2=" ">
    <subfield code="g">1.DISE&#xD1;O MOLECULAR DE LA VIDA --
2.La Bioqu&#xED;mica: una ciencia en desarrollo --
3.Composici&#xF3;n y estructura de las prote&#xED;nas -- 
4.Investigaci&#xF3;n en prote&#xED;nas y proteomas --
5.DNA, RNA y el flujo de la informaci&#xF3;n gen&#xE9;tica --
6.La investigaci&#xF3;n de genes y genomas --
7.Investigaci&#xF3;n de la evoluci&#xF3;n y la bioinform&#xE1;tica --
8.La Hemoglobina: instant&#xE1;nea de una prote&#xED;na en acci&#xF3;n --
9.Enzimas: conceptos b&#xE1;sicos y cin&#xE9;tica --
10.Estrategias catal&#xED;ticas --
11.Estrategias reguladoras --
12.Carbohidratos --
13.L&#xED;pidos y membranas celulares --
14.Conductos y bombas de membrana --
15.V&#xED;as de transducci&#xF3;n de se&#xF1;ales --
16.TRANSDUCCI&#xD3;N Y ALMACENAMIENTO DE LA ENERG&#xCD;A --
17.Metabolismo: conceptos b&#xE1;sicos y visi&#xF3;n de conjunto --
18.Glicolisis y gluconeog&#xE9;nesis --
19.El ciclo del &#xE1;cido c&#xED;trico --
20.Fosforilaci&#xF3;n oxidativa -- 
21.Las reacciones de la fase luminosa de la fotos&#xED;ntesis --
22.El ciclo de Calvin y la v&#xED;a de las pentosas fosfato --
23.Metabolismo del gluc&#xF3;geno --
24.Metabolismo de los &#xE1;cidos grasos--
25.Recambio de las prote&#xED;nas y catabolismo de los amino&#xE1;cidos --
26.S&#xCD;NTESIS DE LAS MOL&#xC9;CULAS DE LA VIDA --
27.Bios&#xED;ntesis de amino&#xE1;cidos --
28.Bios&#xED;ntesis de nucle&#xF3;tidos --
29.Bios&#xED;ntesis de l&#xED;pidos de membrana y de esteroides--
30.Integraci&#xF3;n del metabolismo--
31.Replicaci&#xF3;n, reparaci&#xF3;n y recombinaci&#xF3;n del DNA --
32.S&#xED;ntesis y maduraci&#xF3;n del RNA -- 
33.S&#xED;ntesis de prote&#xED;nas --
34.El control de la expresi&#xF3;n g&#xE9;nica. -- 
35.RESPUESTAS A CAMBIOS AMBIENTALES--
36.Sistemas sensoriales --
37.El sistema inmunitario
36.Motores moleculares --
37.Desarrollo de f&#xE1;rmacos --
</subfield>
  </datafield>
  <datafield tag="520" ind1=" " ind2=" ">
    <subfield code="a">En la sexta edici&#xF3;n se hace hincapi&#xE9; en que la comprensi&#xF3;n de las v&#xED;as bioqu&#xED;micas es la base para la comprensi&#xF3;n de los sistemas fisiol&#xF3;gicos Una perspectiva molecular de la evoluci&#xF3;n. A medida que el an&#xE1;lisis de secuencias va cobrando importancia, el panorama de la Bioqu&#xED;mica est&#xE1; cambiando y de ser una ciencia que se desarrolla casi por completo en el laboratorio se est&#xE1; convirtiendo en una disciplina que tambi&#xE9;n puede estudiarse mediante ordenadores, utilizando la informaci&#xF3;n recopilada a patir de la gen&#xF3;mica y la prote&#xF3;mica. Este cambio se pone de manifiesto en la edici&#xF3;n actual. Nuevos cap&#xED;tulos. Dos nuevos cap&#xED;tulos ilustran la relaci&#xF3;n entre la estructura y la funci&#xF3;n utilizando un ejemplo cl&#xE1;sico y otro contempor&#xE1;neo: 'Hemoglobina: Retrato de una prote&#xED;na en acci&#xF3;n' y 'Desarrollo de f&#xE1;rmacos'. Nuevas aplicaciones cl&#xED;nicas. Se han a&#xF1;adido una serie de ejemplos nuevos procedentes de las ciencias m&#xE9;dicas a la ya abundante selecci&#xF3;n existente en la edici&#xF3;n anterior. Avances recientes. La sexta edici&#xF3;n se ha actualizado a fondo en toda su extensi&#xF3;n, incluyendo discusiones sobre los avances m&#xE1;s recientes. Visualizaci&#xF3;n de la estructura molecular.</subfield>
  </datafield>
  <datafield tag="534" ind1=" " ind2=" ">
    <subfield code="p">T&#xED;tulo original: Biochemistry</subfield>
  </datafield>
  <datafield tag="590" ind1=" " ind2=" ">
    <subfield code="a">BATCH-UPD</subfield>
    <subfield code="b">10</subfield>
    <subfield code="c">20130110</subfield>
  </datafield>
  <datafield tag="590" ind1=" " ind2=" ">
    <subfield code="a">BATCH-UPD</subfield>
    <subfield code="b">10</subfield>
    <subfield code="c">20130110</subfield>
  </datafield>
  <datafield tag="590" ind1=" " ind2=" ">
    <subfield code="a">BATCH-UPD</subfield>
    <subfield code="b">10</subfield>
    <subfield code="c">20130410</subfield>
  </datafield>
  <datafield tag="590" ind1=" " ind2=" ">
    <subfield code="a">BATCH-UPD</subfield>
    <subfield code="b">10</subfield>
    <subfield code="c">20130914</subfield>
  </datafield>
  <datafield tag="590" ind1=" " ind2=" ">
    <subfield code="a">CONVERSION</subfield>
    <subfield code="b">10</subfield>
    <subfield code="c">20130109</subfield>
  </datafield>
  <datafield tag="650" ind1="1" ind2="4">
    <subfield code="a">Bioqu&#xED;mica.</subfield>
    <subfield code="9">12849</subfield>
  </datafield>
  <datafield tag="700" ind1="0" ind2=" ">
    <subfield code="a">Stryer, Lubert.</subfield>
    <subfield code="9">110034</subfield>
  </datafield>
  <datafield tag="700" ind1="0" ind2=" ">
    <subfield code="a">Tymoczko, John L.</subfield>
    <subfield code="9">115742</subfield>
  </datafield>
  <datafield tag="901" ind1=" " ind2=" ">
    <subfield code="a">BK</subfield>
  </datafield>
  <datafield tag="905" ind1=" " ind2=" ">
    <subfield code="a">Elisama A. H.</subfield>
  </datafield>
  <datafield tag="942" ind1=" " ind2=" ">
    <subfield code="c">LIBRO</subfield>
    <subfield code="2">ddc</subfield>
  </datafield>
  <datafield tag="949" ind1=" " ind2=" ">
    <subfield code="a">574.192 B42y 2008</subfield>
    <subfield code="b">BC</subfield>
    <subfield code="c">LIBRO</subfield>
    <subfield code="d">33724002047363</subfield>
    <subfield code="e">LIBRO</subfield>
    <subfield code="g">I.236179</subfield>
    <subfield code="h">108917</subfield>
    <subfield code="i">105976</subfield>
    <subfield code="s">i</subfield>
    <subfield code="t">$1500.00</subfield>
  </datafield>
  <datafield tag="999" ind1=" " ind2=" ">
    <subfield code="c">220283</subfield>
    <subfield code="d">220283</subfield>
  </datafield>
  <datafield tag="952" ind1=" " ind2=" ">
    <subfield code="0">0</subfield>
    <subfield code="1">0</subfield>
    <subfield code="2">ddc</subfield>
    <subfield code="4">0</subfield>
    <subfield code="5">1</subfield>
    <subfield code="7">0</subfield>
    <subfield code="8">GRAL</subfield>
    <subfield code="a">PA</subfield>
    <subfield code="b">PA</subfield>
    <subfield code="d">2024-11-28</subfield>
    <subfield code="e">Compra</subfield>
    <subfield code="f">Libro</subfield>
    <subfield code="i">Consumo</subfield>
    <subfield code="l">0</subfield>
    <subfield code="o">PA 574.192 B47Y 2011</subfield>
    <subfield code="p">4102004063</subfield>
    <subfield code="r">2024-11-28 14:57:00</subfield>
    <subfield code="w">2024-11-28</subfield>
    <subfield code="y">LIBRO</subfield>
  </datafield>
  <datafield tag="952" ind1=" " ind2=" ">
    <subfield code="0">0</subfield>
    <subfield code="1">0</subfield>
    <subfield code="2">ddc</subfield>
    <subfield code="4">0</subfield>
    <subfield code="5">3</subfield>
    <subfield code="7">0</subfield>
    <subfield code="8">GRAL</subfield>
    <subfield code="a">PA</subfield>
    <subfield code="b">PA</subfield>
    <subfield code="d">2024-12-02</subfield>
    <subfield code="e">Compra</subfield>
    <subfield code="f">Libro</subfield>
    <subfield code="i">Consumo</subfield>
    <subfield code="l">1</subfield>
    <subfield code="o">PA 574.192 B47Y 2011</subfield>
    <subfield code="p">4102004064</subfield>
    <subfield code="r">2025-10-10 20:05:42</subfield>
    <subfield code="s">2025-10-07</subfield>
    <subfield code="t">Ej.2</subfield>
    <subfield code="w">2024-12-02</subfield>
    <subfield code="y">LIBRO</subfield>
  </datafield>
</record>
